000 00255nam a22001097a 4500
008 170118b xxu||||| |||| 00| 0 eng d
020 _a9780781767590
041 _aeng
080 _23RD
_a618.2
245 _aPERINATAL NURSING
_cSIMPSON, K.R
942 _2udc
_cBK
999 _c3052
_d3052